000
00319nam a2200133Ia 4500
005
20260326235445.0
008
260326s9999||||xx |||||||||||||| ||und||
100
_a
Castro, Ricardo L.
245
0
_a
Salmona /
_c
Ricardo L. Castro
260
_b
Villegas Editores
300
_a
239 p.
650
_a
ARQUITECTOS
942
_c
BK
999
_c
7544
_d
7544